| 000 | 00910pam a2200289 a 4500 | ||
|---|---|---|---|
| 001 | 673995 | ||
| 005 | 20140708110826.0 | ||
| 008 | 951211t1996 xxue fr 001 0 eng d | ||
| 010 | _a95051798 | ||
| 020 | _a0812095308 | ||
| 020 | _a9780812095302 | ||
| 040 |
_aDLC _cDLC _dDLC _dEG-ScBUE |
||
| 082 | 0 | 4 |
_a428.1 _222 _bBRO |
| 100 | 1 |
_aBromberg, Murray _97865 |
|
| 245 | 1 | 0 |
_a504 absolutely essential words / _cMurray Bromberg, Julius Liebb, Arthur Traiger. |
| 246 | 3 | _aFive hundred four absolutely essential words | |
| 250 | _a4th ed. | ||
| 260 |
_aHauppauge, United States : _bBarron's, _cc.1996. |
||
| 300 |
_aiv, 152 p. : _bplans ; _c28 cm. |
||
| 500 | _aIndex : p. 151-152. | ||
| 650 | 0 |
_aVocabulary _vProblems, exercises, etc. _99120 |
|
| 653 |
_bEEENG _cJuly2014 |
||
| 655 |
_vreading book _934232 |
||
| 700 | 1 |
_aLiebb, Julius _97868 |
|
| 700 | 1 |
_aTraiger, Arthur _936045 |
|
| 942 |
_2ddc _k428.1 BRO |
||
| 999 |
_c18347 _d18319 |
||